Zindagānī-i Mīrzā Taqī Khān Amīr Kabīr. (Record no. 49558)
[ view plain ]
| 000 -LEADER | |
|---|---|
| fixed length control field | 00573cam a2200181u 4500 |
| 001 - CONTROL NUMBER | |
| control field | ne 67000800 |
| 003 - CONTROL NUMBER IDENTIFIER | |
| control field | DLC |
| 005 - DATE AND TIME OF LATEST TRANSACTION | |
| control field | 20260227111831.0 |
| 008 - FIXED-LENGTH DATA ELEMENTS--GENERAL INFORMATION | |
| fixed length control field | 841025s1944 xx ach 000 0bper |
| 010 ## - LIBRARY OF CONGRESS CONTROL NUMBER | |
| LC control number | ne 67000800 |
| 040 ## - CATALOGING SOURCE | |
| Original cataloging agency | DLC |
| Transcribing agency | CarP |
| Modifying agency | DLC |
| 050 00 - LIBRARY OF CONGRESS CALL NUMBER | |
| Classification number | DS307 |
| Item number | .M3 (Orien Pers) |
| 100 1# - MAIN ENTRY--PERSONAL NAME | |
| Personal name | Makkī, Ḥusayn. |
| 245 10 - TITLE STATEMENT | |
| Title | Zindagānī-i Mīrzā Taqī Khān Amīr Kabīr. |
| 260 ## - PUBLICATION, DISTRIBUTION, ETC. | |
| Place of publication, distribution, etc. | [Tihrān] |
| Name of publisher, distributor, etc. | Kitābfurūshī Muḥammad ʻAlī ʻIlmī, |
| Date of publication, distribution, etc. | [1944] |
| 300 ## - PHYSICAL DESCRIPTION | |
| Extent | 6, 413 p. |
| Other physical details | illus., facsims., ports. |
| Dimensions | 22 cm. |
| 600 10 - SUBJECT ADDED ENTRY--PERSONAL NAME | |
| Personal name | Amīr Kabīr, Mīrzā Taqī Khān, |
| Dates associated with a name | -1852. |
No items available.